000 00486nam a2200181Ia 4500
001 3833
005 20260306145712.0
008 260306t2009||||xx |||||||||||||| ||spa||
041 _aESP
082 _a303.6
_bT46
100 _aTheidon, Kimberly
_eAUT
245 0 _aEntre prójimos:
_bel conflicto armado interno y la política de la reconciliación en el Perú
260 _c2009
300 _a283 páginas :
_c20 cm.
650 _aGEN
654 _aCHU
942 _cLIB
_dJUS
_fJUS
_2ddc
_n
999 _c3833
_d3833